00504nam a2200157Ia 4500003000400000008004100004082001600045100001600061245002600077260002900103300000800132650001500140942001200155999001500167952016400182OSt191201s2012 xx 000 0 und d a620.11bJIS aJINDAL, U C 0aStrength of Materials aNew DelhibPearsonc2012 a863 aB.Tech(ME) 2ddccBK c6143d6143 00102ddc40708BTECHMEaPIETbPIETd2015-01-21eKIRTI PRAKASHAN, NEW DELHIg499.00kIN2083l0o620.11 JISp25143r2019-12-04 00:00:00v334.33w2015-01-12yBK